00426nam a2200169Ia 4500008004100000020002000041041000800061082001600069100001600085245005000101300000800151365001200159400003600171440000900207650002100216700001900237140306s9999 xx 000 0 und d a0 7069 4924 2 aeng a636bMIS/LI aMishra, S N aLivestock development in India : an appraisal a203 bRs .195 bVikas Publishing House Pvt .Ltd a1990 aAnimal husbandry aSharma, Rishik